Loading...

Flatland : a romance of many dimensions /

Bibliographic Details
Format: Printed Book
Language:English
Published: New York: New American Library, 1984.
Subjects:
LEADER 00557nam a22001457a 4500
008 211106b |||||||| |||| 00| 0 eng d
020 |a 0451522907 
041 |a eng 
245 |a  Flatland :   |b a romance of many dimensions /  |c Edited by Edwin A. Abbott. 
260 |a New York:  |b New American Library,  |c 1984. 
300 |a 160 pages.  |c 18 cm. 
650 7 |2 fast  |9 1169615  |a Science fiction, English 
942 |c BK 
999 |c 363226  |d 363226 
952 |0 0  |1 0  |2 ddc  |4 0  |7 3  |9 422893  |a UL  |b UL  |c PROC  |d 2021-11-06  |e Donation -I.G.Bhaskara Panikker Family  |l 0  |p G15608  |r 2021-11-06  |w 2021-11-06  |y BK